First Ministers of Scotland - Statistics

General Stats
  • This quiz has been taken 55 times
    26 since last reset
  • The average score is 5 of 7
Answer Stats
Tenure Party First Minister % Correct
2014-2023 Scottish National Party Nicola Sturgeon
100%
2007-2014 Scottish National Party Alex Salmond
92%
2023-2024 Scottish National Party Humza Yousaf
84%
2024- Scottish National Party John Swinney
76%
1999-2000 Labour Donald Dewar
72%
2001-2007 Labour Jack McConnell
52%
2000-2001 Labour Henry McLeish
40%
No matching quizzes found
Score Distribution
Percent of People with Each Score
Percentile by Number Answered
Your Score History
You have not taken this quiz since the last reset